000 00471nam a2200193Ia 4500
008 151121s9999||||xx |||||||||||||| ||und||
082 _a824/WHI
082 _bHNW-55694
100 _aWhite Anne Terry
245 _aMen Before Adam
260 _b"The Scientific Book Club, London।"
260 _c--
300 _a196
600 _aWhite Anne Terry
630 _aMen Before Adam
700 _aWhite Anne Terry
730 _aMen Before Adam
942 _cBOOK
999 _c1238518
_d1238515